[Event "Basel Carnival op"]
[Site "Basel"]
[Date "2024.02.02"]
[Round "1"]
[White "Dgebuadze, Alexandre"]
[Black "Suter, Mischa"]
[Result "1-0"]
[WhiteElo "2440"]
[BlackElo "1623"]
[PlyCount "67"]
[EventDate "2024.02.02"]
[EventType "swiss"]
[EventRounds "5"]
[EventCountry "SUI"]
[SourceTitle "CB07_2024"]
[SourceDate "2024.02.14"]
[SourceVersion "1"]
[SourceVersionDate "2024.02.14"]
[SourceQuality "1"]

1. e4 c6 2. c4 d5 3. exd5 cxd5 4. cxd5 Qxd5 5. Nc3 Qa5 6. d4 Nf6 7. Nf3 Bg4 8. h3 Bh5 9. Be2 e6 10. 0-0 Be7 11. Qb3 Qb6 12. Bb5+ Nbd7 13. Ne5 h6 14. Be3 Qc7 15. g4 Bg6 16. Nxg6 fxg6 17. Qxe6 Qd6 18. Qxd6 Bxd6 19. Bd3 0-0 20. Bxg6 Nb6 21. Bc2 Kh8 22. Bb3 a5 23. a3 Nh7 24. Ne4 Be7 25. Rac1 Nf6 26. Nxf6 Rxf6 27. Rc7 Bd6 28. Rxb7 a4 29. Ba2 Nc8 30. Bd5 Ra5 31. Bg2 Ne7 32. Rc1 Ra6 33. Be4 Re6 34. Rxe7 1-0